[Event "COL-chT 21st"]
[Site "Cartagena"]
[Date "2019.11.30"]
[Round "8.4"]
[White "Hernandez, Cristian Andres"]
[Black "Guerrero Forero, Ricardo Alonso"]
[Result "1-0"]
[WhiteElo "2183"]
[BlackElo "2085"]
[PlyCount "73"]
[EventDate "2019.11.30"]
[EventType "team-swiss"]
[EventRounds "9"]
[EventCountry "COL"]
[SourceTitle "CBM 195 Extra"]
[Source "ChessBase"]
[SourceDate "2020.05.31"]
[SourceVersion "1"]
[SourceVersionDate "2020.05.31"]
[SourceQuality "1"]
[WhiteTeam "Risaralda"]
[BlackTeam "Cudinamarca"]
[WhiteTeamCountry "COL"]
[BlackTeamCountry "COL"]

1. e4 c6 2. Nc3 d5 3. d4 dxe4 4. Nxe4 Nd7 5. Bc4 Ngf6 6. Ng5 e6 7. Qe2 Nb6 8. Bb3 h6 9. N5f3 c5 10. dxc5 Bxc5 11. Ne5 0-0 12. Ngf3 Qc7 13. c3 Bd6 14. 0-0 Nbd7 15. Bf4 Nh5 16. Bxh6 Bxe5 17. Be3 Nhf6 18. Ng5 Bxh2+ 19. Kh1 Bf4 20. Bc2 Bxg5 21. Bxg5 b6 22. Qf3 Bb7 23. Qh3 Rfd8 24. Rad1 Be4 25. Bb3 Bg6 26. Rd4 Bf5 27. Qh4 e5 28. Rd2 Qc6 29. Rfd1 Re8 30. Qg3 Qe4 31. f3 Qc6 32. Rd6 Qc5 33. Bxf6 Nxf6 34. Rxf6 Be6 35. Bxe6 Rxe6 36. Rxe6 fxe6 37. Rd7 1-0

[Event "COL-chT rapid"]
[Site "Cartagena"]
[Date "2019.11.29"]
[Round "5.4"]
[White "Guerrero Forero, Ricardo Alonso"]
[Black "Soto, Miguel Angel"]
[Result "0-1"]
[WhiteElo "2096"]
[BlackElo "2141"]
[PlyCount "108"]
[EventDate "2019.11.29"]
[EventType "team-swiss"]
[EventRounds "7"]
[EventCountry "COL"]
[SourceTitle "CBM 193 Extra"]
[Source "ChessBase"]
[SourceDate "2020.01.31"]
[SourceVersion "1"]
[SourceVersionDate "2020.01.31"]
[SourceQuality "1"]
[WhiteTeam "Cundinamarca"]
[BlackTeam "Antioquia"]
[WhiteTeamCountry "COL"]
[BlackTeamCountry "COL"]

1. e4 c5 2. Nf3 d6 3. d4 cxd4 4. Nxd4 Nf6 5. Nc3 g6 6. f3 Bg7 7. Be3 Nc6 8. Qd2 0-0 9. 0-0-0 Nxd4 10. Bxd4 Be6 11. g4 Qa5 12. Kb1 Rfc8 13. Nd5 Qxd2 14. Nxf6+ Bxf6 15. Rxd2 Bxd4 16. Rxd4 Kg7 17. h4 h6 18. Be2 g5 19. Rb4 Rc7 20. Rb5 a6 21. Rb6 Rh8 22. a3 h5 23. gxh5 Rxh5 24. Rg1 Rxh4 25. Rxg5+ Kf6 26. Rg1 Rh2 27. Bd3 Rf2 28. Rg8 Rxf3 29. b3 Ke5 30. Kb2 f5 31. Rg5 Kf4 32. Rg6 fxe4 33. Bxe4 Kxe4 34. Rxe6+ Kd5 35. Re2 Rf4 36. a4 Kc5 37. a5 Rb4 38. Re3 Rxb6 39. Rc3+ Kb5 40. Rxc7 Kxa5 41. Ka3 e6 42. c3 Rc6 43. Rxb7 Rxc3 44. Kb2 Re3 45. Rb8 d5 46. Rb7 d4 47. Ka3 e5 48. Rb8 e4 49. Rb7 Rd3 50. Re7 e3 51. Re5+ Kb6 52. Kb4 Rd2 53. Kc4 e2 54. b4 d3 0-1

[Event "COL pre olympic sf3"]
[Site "Dosquebradas"]
[Date "2018.06.04"]
[Round "10"]
[White "Ordonez Gonzalez, Gabriel"]
[Black "Guerrero Forero, Ricardo Alonso"]
[Result "1-0"]
[WhiteElo "1876"]
[BlackElo "2163"]
[PlyCount "73"]
[EventDate "2018.05.30"]
[EventType "swiss"]
[EventRounds "10"]
[EventCountry "COL"]
[SourceTitle "CBM 184 Extra"]
[Source "ChessBase"]
[SourceDate "2018.06.28"]
[SourceVersion "1"]
[SourceVersionDate "2018.06.28"]
[SourceQuality "1"]

1. c4 e5 2. Nc3 Nc6 3. g3 Nf6 4. Bg2 g6 5. d3 Bg7 6. Nf3 0-0 7. 0-0 d6 8. a3 a5 9. Rb1 Bd7 10. b4 axb4 11. axb4 Qc8 12. b5 Ne7 13. Re1 h6 14. Qb3 Bh3 15. Ba3 b6 16. Nxe5 Bxg2 17. Kxg2 Ra7 18. Nf3 g5 19. e4 Nd7 20. Bb4 Qa8 21. h3 Nc5 22. Bxc5 bxc5 23. Nd5 Nxd5 24. exd5 Ra3 25. Qd1 Qa5 26. Qe2 Ra8 27. Qe4 Qc3 28. Rbd1 Ra2 29. h4 Qf6 30. hxg5 hxg5 31. Qg4 Rc2 32. Qxg5 Qb2 33. Rd2 Rxd2 34. Qxd2 Qxd2 35. Nxd2 Bc3 36. Rd1 Ra2 37. Nf3 1-0

[Event "COL pre olympic sf3"]
[Site "Dosquebradas"]
[Date "2018.06.01"]
[Round "4"]
[White "Guerrero Forero, Ricardo Alonso"]
[Black "Valderrama Quiceno, Esteban Alberto"]
[Result "0-1"]
[WhiteElo "2163"]
[BlackElo "2430"]
[PlyCount "132"]
[EventDate "2018.05.30"]
[EventType "swiss"]
[EventRounds "10"]
[EventCountry "COL"]
[SourceTitle "CBM 184 Extra"]
[Source "ChessBase"]
[SourceDate "2018.06.28"]
[SourceVersion "1"]
[SourceVersionDate "2018.06.28"]
[SourceQuality "1"]

1. e4 g6 2. d4 Bg7 3. Nc3 d6 4. f4 a6 5. Nf3 b5 6. Bd3 Nd7 7. e5 c5 8. Be4 Rb8 9. 0-0 Nh6 10. Qe2 0-0 11. d5 Nb6 12. a4 b4 13. a5 bxc3 14. axb6 cxb2 15. Bxb2 Qxb6 16. Bc3 f5 17. exf6 exf6 18. Qc4 f5 19. Bxg7 Kxg7 20. Bd3 Qb4 21. Ng5 Qd2 22. Rf2 Qe3 23. Qc3+ Kg8 24. Ne6 Bxe6 25. Re1 Rb1 26. Rxb1 Ng4 27. Qe1 Qxf2+ 28. Qxf2 Nxf2 29. Kxf2 Bxd5 30. Bxa6 Be4 31. Bc4+ Kg7 32. Rd1 Rd8 33. Bd3 Bxd3 34. cxd3 Rb8 35. d4 Rb2+ 36. Kf3 c4 37. d5 Rc2 38. Re1 Rd2 39. Re7+ Kh6 40. Rc7 Rxd5 41. Rxc4 Kh5 42. h3 Rd3+ 43. Kf2 h6 44. Rc8 g5 45. Rf8 Kg6 46. g4 fxg4 47. hxg4 gxf4 48. Rxf4 Kg5 49. Re4 d5 50. Re6 Rd4 51. Kg3 Rxg4+ 52. Kh3 Rd4 53. Re5+ Kf4 54. Rh5 Rd2 55. Rxh6 d4 56. Rf6+ Ke5 57. Rf8 Ke4 58. Kg3 Re2 59. Re8+ Kd3 60. Rd8 Re7 61. Kf2 Kc3 62. Rc8+ Kd2 63. Kf3 d3 64. Rd8 Kc2 65. Rc8+ Kd1 66. Rd8 d2 0-1

[Event "COL pre olympic sf3"]
[Site "Dosquebradas"]
[Date "2018.06.01"]
[Round "5"]
[White "Lugo Lozano, Luz Adriana"]
[Black "Guerrero Forero, Ricardo Alonso"]
[Result "0-1"]
[WhiteElo "1941"]
[BlackElo "2163"]
[PlyCount "88"]
[EventDate "2018.05.30"]
[EventType "swiss"]
[EventRounds "10"]
[EventCountry "COL"]
[SourceTitle "CBM 184 Extra"]
[Source "ChessBase"]
[SourceDate "2018.06.28"]
[SourceVersion "1"]
[SourceVersionDate "2018.06.28"]
[SourceQuality "1"]

1. d4 c5 2. d5 e6 3. c4 exd5 4. cxd5 d6 5. Nc3 Nf6 6. e4 g6 7. f3 Bg7 8. Nge2 0-0 9. Ng3 a6 10. Be2 b5 11. 0-0 Nbd7 12. a3 Re8 13. Bg5 Qc7 14. Qd2 Nb6 15. Bh6 Bh8 16. Rac1 Qa7 17. Be3 Bd7 18. Nh1 Rac8 19. b3 Qb7 20. Bf4 c4 21. b4 Qb8 22. Be3 Qc7 23. Bd4 Qd8 24. Nf2 Ra8 25. g4 h5 26. gxh5 Nxh5 27. Bxh8 Kxh8 28. Qh6+ Kg8 29. Ng4 Nf6 30. Rf2 Ra7 31. Rcf1 Nc8 32. Rg2 Bxg4 33. fxg4 Qb6+ 34. Kh1 Qd4 35. Rf3 Nxe4 36. Nxe4 Rxe4 37. Rh3 Qg7 38. Qd2 Rae7 39. Bf3 Re3 40. Re2 Qe5 41. Rxe3 Qxe3 42. Qb2 c3 43. Qc2 Nb6 44. Rg3 Nc4 0-1

[Event "COL-ch sf"]
[Site "Ubate"]
[Date "2017.10.15"]
[Round "3"]
[White "Guerrero Forero, Ricardo Alonso"]
[Black "Hernandez, Jeronimo"]
[Result "1-0"]
[WhiteElo "2157"]
[BlackElo "1691"]
[PlyCount "83"]
[EventDate "2017.10.14"]
[EventType "swiss"]
[EventRounds "6"]
[EventCountry "COL"]
[SourceTitle "CBM 181 Extra"]
[Source "ChessBase"]
[SourceDate "2017.12.12"]
[SourceVersion "1"]
[SourceVersionDate "2017.12.12"]
[SourceQuality "1"]

1. e4 c6 2. d4 d5 3. Nc3 dxe4 4. Nxe4 Nd7 5. Bd3 Ngf6 6. Ng5 e6 7. N1f3 h6 8. Ne4 Nxe4 9. Bxe4 Nf6 10. Bd3 Bd6 11. Qe2 0-0 12. Bd2 b5 13. 0-0-0 a5 14. Ne5 Bb7 15. Rhg1 Qb6 16. c3 b4 17. Nc4 Qc7 18. Nxd6 Qxd6 19. c4 Rfd8 20. g4 c5 21. g5 hxg5 22. Bxg5 Kf8 23. Bxf6 gxf6 24. d5 Qf4+ 25. Kb1 e5 26. Rg4 Qh6 27. f4 Bc8 28. f5 Ke7 29. Qf2 Kd6 30. Rh4 Qf8 31. Rg1 Rd7 32. Rh7 Ra6 33. Qh4 Kc7 34. Rh8 Qe7 35. Rgg8 Bb7 36. Be4 b3 37. Rb8 bxa2+ 38. Kxa2 Rad6 39. Rbe8 Qxe8 40. Rxe8 Rd8 41. Qh8 Ba6 42. b3 1-0

[Event "Cundinamarca-ch sf"]
[Site "Cundinamarca"]
[Date "2016.06.06"]
[Round "5"]
[White "Cuellar Canosa, Nicolas"]
[Black "Guerrero Forero, Ricardo Alonso"]
[Result "0-1"]
[WhiteElo "1518"]
[BlackElo "2162"]
[PlyCount "54"]
[EventDate "2016.06.04"]
[EventType "swiss"]
[EventRounds "5"]
[EventCountry "COL"]
[SourceTitle "CBM 172 Extra"]
[Source "ChessBase"]
[SourceDate "2016.06.21"]
[SourceVersion "1"]
[SourceVersionDate "2016.06.21"]
[SourceQuality "1"]

1. e4 c5 2. Ne2 Nf6 3. d3 Nc6 4. g3 d6 5. Bg2 e6 6. c3 Be7 7. 0-0 0-0 8. d4 Qc7 9. Na3 a6 10. Nc2 b6 11. e5 dxe5 12. dxe5 Rd8 13. Qe1 Nd7 14. f4 Bb7 15. Be3 Nf8 16. c4 Nd4 17. Nexd4 Bxg2 18. Nxe6 Nxe6 19. Kxg2 Nd4 20. Bxd4 Qc6+ 21. Kg1 cxd4 22. b3 d3 23. Ne3 d2 24. Qe2 Bc5 25. h3 Qe4 26. Rf3 Bxe3+ 27. Rxe3 d1Q+ 0-1

[Event "Bogota McGregor op 1st"]
[Site "Bogota"]
[Date "2010.12.08"]
[Round "7"]
[White "Pena Duarte, Fabian Dario"]
[Black "Guerrero Forero, Ricardo Alonso"]
[Result "0-1"]
[WhiteElo "2170"]
[BlackElo "2192"]
[PlyCount "68"]
[EventDate "2010.12.03"]
[EventType "swiss"]
[EventRounds "10"]
[EventCountry "COL"]
[SourceTitle "CBM 139 Extra"]
[Source "ChessBase"]
[SourceDate "2011.01.05"]
[SourceVersion "1"]
[SourceVersionDate "2011.01.05"]
[SourceQuality "1"]

1. d4 c5 2. Nf3 cxd4 3. Nxd4 Nc6 4. g3 g6 5. Bg2 Bg7 6. Nxc6 bxc6 7. 0-0 Nf6 8. c4 Qc7 9. Qa4 0-0 10. Nc3 Rb8 11. Rb1 a5 12. Bf4 e5 13. Bd2 Rb4 14. Qa3 Re8 15. b3 Bf8 16. Qc1 Rb8 17. Bg5 Be7 18. Rd1 d6 19. h3 Bf5 20. Rb2 h5 21. e4 Be6 22. Rbd2 Rbd8 23. Rd3 Rd7 24. f4 Rdd8 25. Ne2 Bc8 26. Qd2 Kg7 27. Rf1 Ng8 28. Bxe7 Rxe7 29. Rd1 Red7 30. h4 Nf6 31. Bf3 Re7 32. f5 d5 33. fxg6 fxg6 34. Qe3 Rf8 0-1

[Event "Bogota McGregor op 1st"]
[Site "Bogota"]
[Date "2010.12.06"]
[Round "6"]
[White "Guerrero Forero, Ricardo Alonso"]
[Black "Tautiva, Cristian Camilo"]
[Result "1-0"]
[WhiteElo "2192"]
[BlackElo "2012"]
[PlyCount "37"]
[EventDate "2010.12.03"]
[EventType "swiss"]
[EventRounds "10"]
[EventCountry "COL"]
[SourceTitle "CBM 139 Extra"]
[Source "ChessBase"]
[SourceDate "2011.01.05"]
[SourceVersion "1"]
[SourceVersionDate "2011.01.05"]
[SourceQuality "1"]

1. e4 c5 2. d4 cxd4 3. c3 e6 4. cxd4 d5 5. e5 Nc6 6. Nf3 Qb6 7. Nc3 Bd7 8. Be2 Nge7 9. Na4 Qc7 10. Nc5 Nf5 11. Nxd7 Qxd7 12. 0-0 Be7 13. a3 0-0 14. Bb5 Qc7 15. g4 Nh6 16. Bxh6 gxh6 17. Qd2 Kh8 18. Qxh6 Rg8 19. Bd3 1-0

[Event "Bogota McGregor op 1st"]
[Site "Bogota"]
[Date "2010.12.05"]
[Round "5"]
[White "Guerrero Forero, Ricardo Alonso"]
[Black "Arenas Vanegas, David"]
[Result "0-1"]
[WhiteElo "2192"]
[BlackElo "2443"]
[PlyCount "89"]
[EventDate "2010.12.03"]
[EventType "swiss"]
[EventRounds "10"]
[EventCountry "COL"]
[SourceTitle "CBM 139 Extra"]
[Source "ChessBase"]
[SourceDate "2011.01.05"]
[SourceVersion "1"]
[SourceVersionDate "2011.01.05"]
[SourceQuality "1"]

1. e4 c5 2. Nf3 d6 3. d4 cxd4 4. Nxd4 Nf6 5. Nc3 g6 6. Be3 Bg7 7. f3 0-0 8. Qd2 Nc6 9. Bc4 Nd7 10. 0-0-0 Nb6 11. Be2 Ne5 12. b3 d5 13. f4 Ng4 14. e5 f6 15. e6 Nxe3 16. Qxe3 f5 17. Bf3 a6 18. h3 Qd6 19. Rhe1 Qa3+ 20. Kb1 Rd8 21. g4 Qb4 22. Kc1 Qa3+ 23. Kd2 Qc5 24. Ke2 fxg4 25. hxg4 Rb8 26. f5 Qc7 27. Rh1 Qg3 28. f6 Bxf6 29. Qh6 Qe5+ 30. Kf2 Bxe6 31. Rhe1 Qxd4+ 32. Rxd4 Bxd4+ 33. Kg2 Bf7 34. Nd1 Bg7 35. Qh4 e5 36. g5 d4 37. Rh1 Nd5 38. Qxh7+ Kf8 39. Rf1 Nf4+ 40. Kg3 Rbc8 41. Be4 Ke7 42. Rxf4 exf4+ 43. Kxf4 Rg8 44. Kf3 Be5 45. Qh1 0-1

[Event "Bogota McGregor op 1st"]
[Site "Bogota"]
[Date "2010.12.04"]
[Round "4"]
[White "Conti, Julian"]
[Black "Guerrero Forero, Ricardo Alonso"]
[Result "0-1"]
[WhiteElo "2063"]
[BlackElo "2192"]
[PlyCount "96"]
[EventDate "2010.12.03"]
[EventType "swiss"]
[EventRounds "10"]
[EventCountry "COL"]
[SourceTitle "CBM 139 Extra"]
[Source "ChessBase"]
[SourceDate "2011.01.05"]
[SourceVersion "1"]
[SourceVersionDate "2011.01.05"]
[SourceQuality "1"]

1. e4 c5 2. Nf3 d6 3. d4 cxd4 4. Nxd4 Nf6 5. Nc3 a6 6. Be2 e5 7. Nb3 Be7 8. Be3 0-0 9. Qd2 b5 10. f3 Be6 11. 0-0-0 Bc4 12. g4 Bxe2 13. Nxe2 a5 14. g5 Ne8 15. Kb1 b4 16. h4 Nd7 17. Ng3 Nc7 18. Nf5 Ra6 19. h5 Re8 20. Rdg1 Nf8 21. g6 fxg6 22. h6 Bf6 23. hxg7 Bxg7 24. Nxg7 Kxg7 25. Qh2 Nce6 26. Qh6+ Kg8 27. Rg2 Qf6 28. Nd2 Rc8 29. Qh3 a4 30. Bh6 Rac6 31. Nf1 Nf4 32. Bxf4 exf4 33. Qh4 Qd4 34. Qxf4 Qd1+ 35. Qc1 Qxf3 36. Ne3 b3 37. Rhh2 Qxe4 38. a3 Ne6 39. Ng4 bxc2+ 40. Ka1 Nd4 41. Nf6+ Kf7 42. Rxh7+ Ke6 43. Rg3 Qe5 44. Re3 Nb3+ 45. Rxb3 axb3 46. Ng4 Qd4 47. Qe1+ Kd5 48. Qh1+ Kc5 0-1

[Event "Bogota McGregor op 1st"]
[Site "Bogota"]
[Date "2010.12.04"]
[Round "2"]
[White "Guerrero Forero, Ricardo Alonso"]
[Black "Paez, Adolfo"]
[Result "1-0"]
[WhiteElo "2192"]
[BlackElo "1856"]
[PlyCount "61"]
[EventDate "2010.12.03"]
[EventType "swiss"]
[EventRounds "10"]
[EventCountry "COL"]
[SourceTitle "CBM 139 Extra"]
[Source "ChessBase"]
[SourceDate "2011.01.05"]
[SourceVersion "1"]
[SourceVersionDate "2011.01.05"]
[SourceQuality "1"]

1. e4 c5 2. d4 cxd4 3. c3 d3 4. Bxd3 d6 5. Nf3 Nc6 6. 0-0 Nf6 7. Re1 Qc7 8. Na3 a6 9. h3 e6 10. Bf4 e5 11. Be3 Be7 12. Nc4 b5 13. Ncd2 Bb7 14. Nf1 0-0 15. Ng3 Rfe8 16. Rc1 Nd7 17. Nf5 Bf8 18. Bc2 g6 19. Nh6+ Kg7 20. Bb3 Re7 21. Ng5 Nc5 22. Bxf7 Nxe4 23. Ne6+ Rxe6 24. Bxe6 Re8 25. Bd5 Nf6 26. Bg5 Be7 27. Qf3 Nd8 28. c4 Qd7 29. Bxb7 Nxb7 30. cxb5 axb5 31. Red1 1-0

[Event "Bogota IRT op Navideno"]
[Site "Bogota"]
[Date "2009.12.04"]
[Round "6"]
[White "Guerrero Forero, Ricardo Alonso"]
[Black "Manrique, Fernando"]
[Result "0-1"]
[WhiteElo "2219"]
[BlackElo "2019"]
[PlyCount "72"]
[EventDate "2009.12.04"]
[EventType "swiss"]
[EventRounds "9"]
[EventCountry "COL"]
[SourceTitle "EXT 2024"]
[Source "ChessBase"]
[SourceDate "2023.10.10"]
[SourceVersion "1"]
[SourceVersionDate "2023.10.10"]
[SourceQuality "1"]

1. e4 e5 2. Nf3 Nc6 3. Bb5 f5 4. d4 fxe4 5. Nxe5 Nxe5 6. dxe5 c6 7. Be2 Qa5+ 8. Bd2 Qxe5 9. Bc3 Qg5 10. 0-0 d5 11. f4 Bc5+ 12. Kh1 Qe7 13. Bh5+ Kd8 14. Nd2 Nf6 15. Bxf6 gxf6 16. Nb3 Bd6 17. Qe1 Rg8 18. Rd1 Qg7 19. g3 Bh3 20. Rf2 Qh6 21. Bf7 Rg7 22. Bxd5 cxd5 23. Qa5+ Ke8 24. Qxd5 Rd8 25. Qxe4+ Re7 26. Qc4 Qg6 27. f5 Qg4 28. Qxg4 Bxg4 29. Rg1 Re5 30. Kg2 Bxf5 31. Rgf1 Be4+ 32. Kh3 Rh5+ 33. Kg4 Rg5+ 34. Kh4 Be7 35. g4 Kf7 36. Nc5 Rxc5 0-1

[Event "Bogota IRT op Navideno"]
[Site "Bogota"]
[Date "2009.12.04"]
[Round "8"]
[White "Guerrero Forero, Ricardo Alonso"]
[Black "Tirado, Juan Camilo"]
[Result "1/2-1/2"]
[WhiteElo "2219"]
[BlackElo "2015"]
[PlyCount "88"]
[EventDate "2009.12.04"]
[EventType "swiss"]
[EventRounds "9"]
[EventCountry "COL"]
[SourceTitle "EXT 2024"]
[Source "ChessBase"]
[SourceDate "2023.10.10"]
[SourceVersion "1"]
[SourceVersionDate "2023.10.10"]
[SourceQuality "1"]

1. e4 c5 2. Nf3 d6 3. d4 cxd4 4. Nxd4 Nf6 5. Nc3 g6 6. Be3 Bg7 7. Qd2 Nc6 8. 0-0-0 0-0 9. f3 d5 10. Kb1 Nxd4 11. Bxd4 dxe4 12. Bxf6 Qxd2 13. Rxd2 Bxf6 14. Nxe4 Bg7 15. Bc4 b5 16. Bxb5 Rb8 17. c4 a6 18. Ba4 Rb4 19. b3 Be6 20. c5 Rxa4 21. bxa4 Rb8+ 22. Kc2 Bxa2 23. Kd3 Be6 24. Ke3 Bh6+ 25. f4 Rb3+ 26. Kf2 Bxf4 27. Rd8+ Kg7 28. Re1 Bxh2 29. g3 Bf5 30. Kg2 Bxe4+ 31. Rxe4 Rb2+ 32. Kf3 Bg1 33. Rxe7 Rf2+ 34. Ke3 Ra2+ 35. Kd3 Bxc5 36. Re4 a5 37. g4 h6 38. Ree8 Bb4 39. Rh8 Rxa4 40. Rdg8+ Kf6 41. Rxh6 Ra3+ 42. Kc4 Rg3 43. Rh7 Rxg4+ 44. Kd3 Rg3+ 1/2-1/2

[Event "COL-ch"]
[Site "San Andres Islas"]
[Date "2008.12.03"]
[Round "6"]
[White "Munoz, Julian Andres"]
[Black "Guerrero Forero, Ricardo Alonso"]
[Result "0-1"]
[WhiteElo "2158"]
[BlackElo "2135"]
[PlyCount "76"]
[EventDate "2008.12.01"]
[EventType "swiss"]
[EventRounds "9"]
[EventCountry "COL"]
[SourceTitle "CBM 127 Extra"]
[Source "ChessBase"]
[SourceDate "2009.01.08"]
[SourceVersion "2"]
[SourceVersionDate "2009.01.28"]
[SourceQuality "1"]

1. d4 Nf6 2. Bg5 d5 3. Nd2 e6 4. e3 Be7 5. Bxf6 Bxf6 6. Bd3 Nd7 7. f4 c5 8. c3 Bh4+ 9. g3 Be7 10. Ngf3 f5 11. Bb5 0-0 12. Bxd7 Bxd7 13. Ne5 Bb5 14. Ndf3 a5 15. h4 a4 16. Ng5 Rf6 17. g4 a3 18. Nxh7 Rh6 19. Ng5 Bxg5 20. fxg5 Qxg5 21. hxg5 Rxh1+ 22. Kf2 Rxd1 23. Rxd1 axb2 24. Rb1 Rxa2 25. dxc5 fxg4 26. Kg3 Be2 27. Kf2 Ba6 28. Kg3 Be2 29. Kf2 Bd1 30. Nd3 Bc2 31. Rxb2 Rxb2 32. Nxb2 Kf7 33. Kg3 e5 34. Kxg4 Ke6 35. c4 g6 36. Kf3 d4 37. exd4 exd4 38. Kf4 Kd7 0-1

[Event "Medellin de Las Americas op"]
[Site "Medellin"]
[Date "2008.11.16"]
[Round "6.5"]
[White "Escobar Medina, Andres F"]
[Black "Guerrero Forero, Ricardo Alonso"]
[Result "1-0"]
[WhiteElo "2059"]
[BlackElo "2135"]
[PlyCount "119"]
[EventDate "2008.11.13"]
[EventType "swiss"]
[EventRounds "9"]
[EventCountry "COL"]
[SourceTitle "EXT 2024"]
[Source "ChessBase"]
[SourceDate "2023.10.10"]
[SourceVersion "1"]
[SourceVersionDate "2023.10.10"]
[SourceQuality "1"]

1. e4 c5 2. Nf3 d6 3. Bb5+ Nd7 4. d4 cxd4 5. Qxd4 a6 6. Bxd7+ Bxd7 7. Nc3 e6 8. Bg5 Qc7 9. 0-0 Bc6 10. Rfe1 h6 11. Bh4 e5 12. Nd5 Bxd5 13. exd5 Ne7 14. Nxe5 dxe5 15. Rxe5 0-0-0 16. Rae1 g5 17. Bg3 Nc6 18. Qg4+ Qd7 19. Qxd7+ Kxd7 20. dxc6+ Kxc6 21. Re8 Bb4 22. Rxh8 Rxh8 23. c3 Bc5 24. b4 Bd6 25. Kf1 Rc8 26. Bxd6 Kxd6 27. Re3 a5 28. bxa5 Ra8 29. Rh3 Rh8 30. Ke2 h5 31. g4 h4 32. Rf3 Ke6 33. Rf5 f6 34. Rb5 Ra8 35. f4 gxf4 36. Kf3 Rc8 37. Kxf4 Rc4+ 38. Kf3 Rxc3+ 39. Kg2 Ra3 40. Rxb7 h3+ 41. Kf2 Ke5 42. Rb3 Rxa5 43. a3 Kf4 44. Rb4+ Kg5 45. a4 Ra8 46. Kg3 Rc8 47. Rb5+ Kg6 48. Kxh3 Rc3+ 49. Kh4 Rc2 50. h3 Ra2 51. a5 Ra3 52. Rc5 Ra4 53. Kg3 Ra3+ 54. Kg2 Ra2+ 55. Kf1 Ra3 56. Rh5 Ra2 57. Ke1 Rh2 58. Kd1 f5 59. Rxf5 Rxh3 60. Rb5 1-0

[Event "Bogota Central op"]
[Site "Bogota"]
[Date "2008.11.07"]
[Round "5.7"]
[White "Guerrero Forero, Ricardo Alonso"]
[Black "Acosta, Alejandro"]
[Result "0-1"]
[WhiteElo "2135"]
[BlackElo "2344"]
[PlyCount "148"]
[EventDate "2008.11.05"]
[EventType "swiss"]
[EventRounds "6"]
[EventCountry "COL"]
[SourceTitle "EXT 2024"]
[Source "ChessBase"]
[SourceDate "2023.10.10"]
[SourceVersion "1"]
[SourceVersionDate "2023.10.10"]
[SourceQuality "1"]

1. e4 c5 2. Nf3 Nc6 3. Nc3 g6 4. Bc4 Bg7 5. 0-0 d6 6. d3 Nf6 7. Ng5 0-0 8. f4 a6 9. a4 h6 10. Nf3 Bg4 11. Ne2 d5 12. exd5 Nxd5 13. c3 Rb8 14. Qe1 b5 15. Bb3 b4 16. Bc4 bxc3 17. bxc3 Bxf3 18. Rxf3 Nxc3 19. Nxc3 Qd4+ 20. Be3 Qxc3 21. Qxc3 Bxc3 22. Rc1 Bb2 23. Rb1 Bd4 24. Rxb8 Rxb8 25. Bxa6 Rb1+ 26. Kf2 Rb2+ 27. Kf1 Bxe3 28. Rxe3 e6 29. Re2 Rb4 30. Re4 Nd4 31. Bb5 Nxb5 32. axb5 Rxb5 33. Rc4 Kf8 34. Ke2 Ke7 35. d4 Rb2+ 36. Kf3 Rb3+ 37. Ke2 cxd4 38. Rxd4 h5 39. Ra4 Kf6 40. Ra5 Rb7 41. Kf3 Rd7 42. h3 Rd3+ 43. Ke2 Rd5 44. Ra7 h4 45. Kf3 e5 46. fxe5+ Rxe5 47. Rb7 Ra5 48. Rc7 Ra3+ 49. Kf2 Rb3 50. Ra7 g5 51. Rc7 Rb5 52. Kf3 Kg6 53. Kf2 f6 54. Rc4 Kf5 55. Ra4 Ke5 56. Rg4 Rc5 57. Kf1 Rc2 58. Kg1 Rd2 59. Rb4 Rd4 60. Rb3 Kf4 61. Ra3 f5 62. Rf3+ Ke4 63. Kf2 Rd3 64. Rxd3 Kxd3 65. Kf3 Kd2 66. Kf2 Kd1 67. Kf1 Kd2 68. Kf2 Kd3 69. Kf3 Kd4 70. Kf2 Ke4 71. Ke2 f4 72. Kf2 f3 73. Kg1 Ke3 74. Kf1 f2 0-1